Adaptation of the Wechsler Intelligence Scale for Children for Gujarati Population (Record no. 10342)

MARC details
000 -LEADER
fixed length control field 00489nam a2200169Ia 4500
082 ## - DEWEY DECIMAL CLASSIFICATION NUMBER
Classification number TB.0031
100 ## - MAIN ENTRY--AUTHOR NAME
Personal name Bhatt, Mahendrika Chandulal
245 #0 - TITLE STATEMENT
Title Adaptation of the Wechsler Intelligence Scale for Children for Gujarati Population
260 ## - PUBLICATION, DISTRIBUTION, ETC. (IMPRINT)
Year of publication 1970
Name of publisher Gujarat University
300 ## - PHYSICAL DESCRIPTION
Number of Pages 387. 2V.
650 ## - SUBJECT ADDED ENTRY--TOPICAL TERM
Topical Term Child study
650 ## - SUBJECT ADDED ENTRY--TOPICAL TERM
Topical Term Welchsler intelligence scale for children
650 ## - SUBJECT ADDED ENTRY--TOPICAL TERM
Topical Term Wisc subtest
650 ## - SUBJECT ADDED ENTRY--TOPICAL TERM
Topical Term Intelligence test
710 ## - ADDED ENTRY--CORPORATE NAME
Corporate name or jurisdiction name as entry element Desai, K.G.
942 ## - ADDED ENTRY ELEMENTS (KOHA)
Koha item type Thesis
Source of classification or shelving scheme Dewey Decimal Classification
Holdings
Withdrawn status Lost status Damaged status Not for loan Home library Current library Date acquired Full call number Accession Number Price effective from Koha item type
        NASSDOC Library NASSDOC Library 08/10/2004 TB.0031 11057 18/04/2019 Thesis
        NASSDOC Library NASSDOC Library 08/10/2004 TB.0031 11058 18/04/2019 Thesis